00738nam a2200241 a 450000100060000000300080000600500170001400800410003103500190007204000370009104100080012808200220013610000280015824500590018625000120024526000540025730000410031149000370035250000200038950500270040965000230043683000370045945499BD-RjUL20211209054026.0160726s1960 enk 001 0 eng  a(BD-RjUL)45617 aDLCcIAUdUKMdEQOdBD-RjULbeng aeng04a341218bSCM 19601 aSchwarzenberger, Georg.12aA manual of international law /cGeorg Schwarzenberger a4th ed. aLondon :bStevens ;aNew York :bPraeger,cc1960. a2 volumes (xviii, 819 pages)c23 cm. aLibrary of world affairs,vno. 3 aIncludes index. aContiene: v. 1 -- v. 2 0aInternational law. 0aLibrary of world affairs,vno. 3